000 nam a22 7a 4500
999 _c7762
_d7762
008 171006b xxu||||| |||| 00| 0 eng d
100 _94240
_aSingh.R.P.etal
245 _aAccountancy-XII
260 _aNew Delhi
_bJPH
_c2009